The Norton anthology of English literature (Record no. 17079)
[ view plain ]
| 000 -LEADER | |
|---|---|
| fixed length control field | 00382cam a22001451 4500 |
| 040 ## - CATALOGING SOURCE | |
| Transcribing agency | WGrU |
| 082 ## - DEWEY DECIMAL CLASSIFICATION NUMBER | |
| Classification number | 820 NOR 1962 A110 Or. |
| 100 1# - MAIN ENTRY--AUTHOR NAME | |
| Personal name | Abrams, M. H. |
| 245 14 - TITLE STATEMENT | |
| Title | The Norton anthology of English literature |
| 250 ## - EDITION STATEMENT | |
| Edition statement | Major authors ed. [1st ed.] |
| 260 ## - PUBLICATION, DISTRIBUTION, ETC. (IMPRINT) | |
| Place of publication | New York, |
| Name of publisher | W. W. Norton |
| Year of publication | [1962] |
| 300 ## - PHYSICAL DESCRIPTION | |
| Number of Pages | 2024 p. |
| Dimensions | 22 cm. |
| 650 #0 - SUBJECT ADDED ENTRY--TOPICAL TERM | |
| Topical Term | English literature. |
| 942 ## - ADDED ENTRY ELEMENTS (KOHA) | |
| Koha item type | សៀវភៅភាសាអង់គ្លេស |
| 952 ## - LOCATION AND ITEM INFORMATION (KOHA) | |
| Withdrawn status [LOCAL, KOHA] | 0 |
| Permanent Location | Date acquired | Koha item type | Lost status | Shelving location | Barcode | Current Location | Full call number |
|---|---|---|---|---|---|---|---|
| Library Block A | 2018-07-31 | សៀវភៅភាសាអង់គ្លេស | A110 | A16434 | Library Block A | 820 NOR 1962 A110 Or. |